Statistics for Historical Figures in Chronological Order

Click here to take the quiz!

General Stats

  • This quiz has been taken 175 times
  • The average score is 14 of 20

Answer Stats

Hint Answer % Correct
69 BCCleopatra
93%
570 BCPythagoras
90%
570Muhammad
86%
742Charlemagne
80%
1564William Shakespeare
80%
1162Genghis Khan
78%
1451Christopher Columbus
78%
1265Dante
75%
1889Adolf Hitler
71%
1935Elvis Presley
69%
1732George Washington
67%
1642Isaac Newton
66%
1769Napoleon
63%
1910Mother Teresa
63%
1928Che Guevara
62%
1577Peter Paul Rubens
60%
1867Marie Curie
58%
1755Marie Antoinette
57%
1809Charles Darwin
57%
1844Friedrich Nietzsche
50%

Score Distribution

Percentile by Number Answered

Percent of People with Each Score

Your Score History

You have not taken this quiz